000 01260cam a22003377a 4500
003 CHAP
005 20220329142510.0
008 010727d2001 mx abd r 00110 spa d
010 _a84349
011 _a85321
035 _a95854
040 _cCHAP
090 _aTesis
100 0 0 _aLoera Barocio, Juan Carlos, de.
_967441
245 1 0 _aMaleza cuarentenada para México de las familias Poaceae, Caryophyllaceae y Polygonaceae
_c/por Juan Carlos De Loera Barocio
260 _aChapingo, Méx. :
_bEl autor,
_c2001.
300 _a103 h. :
_bilus. ; mapas ; cuadros
502 _aTesis (Ing. Agr. Esp. en Parasitología Agrícola) -- UACH. Departamento de Parasitología Agrícola
590 _aALEPH
_b10
_c20130110
_lUCH01
_h1443
590 _aBATCH-UPD
_b10
_c20130110
_lUCH01
_h0700
590 _aBATCH-UPD
_b10
_c20130410
_lUCH01
_h0345
590 _aBATCH-UPD
_b10
_c20130914
_lUCH01
_h1728
590 _aCONVERSION
_b10
_c20130109
_lUCH01
_h1347
650 1 4 _aMalas hierbas
_xMéxico.
_970025
650 1 4 _aTrigo silvestre.
_9115138
901 _aBK
905 _aMarco A. Mendoza T.
942 _cFOLL
949 _aTesis
_bBC
_cTES
_d33724000838736
_eTS2
_fc.2
_gDonaciØn
_h38390
_i95854
_si
949 _aTesis
_bBC
_cTES
_d958541
_eTS1
_gDonaciØn
_h38389
_i95854
_sb
999 _c84349
_d84349